Bilecik Bilecik Bilecik Bilecik Bilecik

Mîzanü'l-hakk fi ihtiyari'l ahakk/ (Record no. 28655)

MARC details
000 -BAŞLIK
Sabit Uzunluktaki Kontrol Alanı 01198nam a22003377a 4500
001 - KONTROL NUMARASI
Control Dosyası 0028733
003 - KONTROL NUMARASI KİMLİĞİ
Kontrol Alanı KOHA_MİRAKIL
005 - EN SON İŞLEM TARİHİ ve ZAMANI
Kontrol Alanı 20260207002639.0
007 - FİZİKSEL TANIM SABİT ALAN - GENEL BİLGİ
Sabit uzunluklu kontrol alanı ta
008 - SABİT UZUNLUKTAKİ VERİ ÖGELERİ - GENEL BİLGİ
Sabit Alan 110321b1980 tu |||gr||||#||||0|tur |
020 ## - ISBN - ULUSLARARASI STANDART KİTAP NUMARASI
Kullanılabilirlik koşulları 0,01
040 ## - KATALOGLAMA KAYNAĞI
Özgün Kataloglama Kurumu TR-BiSEU
Kataloglama Dili tur
Çeviri Kurumu TR-BiSEU
Açıklama Kuralları rda
041 0# - DİL KODU
Metin ya da ses kaydının dil kodu tur
044 ## - YAYINLAYAN/ÜRETEN KURULUŞUN ÜLKE KODU
ISO country code tu
050 ## - SINIFLAMA ve YER NUMARASI
Sınıflama Numarası BJ1291
Yer Numarası .K37 1980
100 0# - KİŞİ ADI
Yazar Adı (Kişi adı) Katip Çelebi.
245 1# - ESER ADI BİLDİRİMİ
Başlık Mîzanü'l-hakk fi ihtiyari'l ahakk/
Sorumluluk Bildirimi Katip Çelebi ; Katip Çelebi; Yayına hazırlayan Orhan Şaik Gökyay.
246 ## - DEĞİŞİK BAŞLIK FORMU
Başlık uygun / kısa başlık En doğruyu seçmek için hak terazisi
264 #1 - ÜRERİM, YAYIN, DAĞITIM ve TELİF BİLDİRİMİ
Yayın yeri İstanbul :
Yayınlayan Tercüman
Yayın tarihi 1980
300 ## - FİZİKSEL TANIMLAMA
Sayfa, Cilt vb. 192 s.
336 ## - İÇERİK TÜRÜ
Content type term metin
Content type code txt
Source rdacontent
337 ## - MEDYA TÜRÜ
Media type term aracısız
Media type code n
Source rdamedia
338 ## - TAŞIYICI TÜRÜ
Carrier type term cilt
Carrier type code nc
Source rdacarrier
490 1# - DİZİ BİLDİRİMİ
Dizi Bildirimi Tercüman 1001 Temel Eser ;
Cilt Numarası 145.
650 #0 - KONU BAŞLIĞI EK GİRİŞ - KONU TERİMİ
Konusal terim veya coğrafi ad İslam ahlakı--1800'den önceki çalışmalar.
9 (RLIN) 35768
650 #0 - KONU BAŞLIĞI EK GİRİŞ - KONU TERİMİ
Konusal terim veya coğrafi ad Doğruluk ve sahte--Dini yönler--İslam--1800'den önceki çalışmalar.
9 (RLIN) 56899
650 #0 - KONU BAŞLIĞI EK GİRİŞ - KONU TERİMİ
Konusal terim veya coğrafi ad Islamic ethics--Early works to 1800.
9 (RLIN) 35770
650 #0 - KONU BAŞLIĞI EK GİRİŞ - KONU TERİMİ
Konusal terim veya coğrafi ad Truthfulness and falsehood--Religious aspects--Islam--Early works to 1800.
9 (RLIN) 56900
830 1# - SERİ EK GİRİŞİ - TEKBİÇİM ESER ADI
Tekbiçim Başlık Tercüman 1001 Temel Eser ;
Volume number/sequential designation 145.
9 (RLIN) 19028
942 ## - EK GİRİŞ ÖGELERİ (KOHA)
Source of classification or shelving scheme Library of Congress Classification
Koha item type Book
Holdings
Materyal Türü Kalıcı Konum Mevcut Konum Raf Yeri Sınıflandırma Kaynağı Edinim Bilgisi Ana Konular Alt Konular Yer Numarası Demirbaş Numarası Fatura Tarihi Maliyet, Alış Fiyatı Maliyet, Yenileme Fiyatı Geri Çekilme Durumu Kayıp Durumu Hasarlı Durumu Kredi için değil Kayıt Tarih Toplam Ödünçverme Son Görülme Tarihi Son Kontrol Tarihi Genel / Bağış Notu
Book Prof. Dr. Azmi Özcan Kütüphanesi Prof. Dr. Azmi Özcan Kütüphanesi Uluğbey Salonu Library of Congress Classification Bağış FELSEFE, PSİKOLOJİ, DİN Etik (Ahlak) BJ1291 .K37 1980 0028733 02/02/2026 1.50 1.50         21/03/2011 1 05/12/2024 05/12/2024 Genel Bağış